| 000 | 00000nam##2200000za#4500 |
| 001 | 9.699844 |
| 003 | CaOODSP |
| 005 | 20210625000550 |
| 007 | cr ||||||||||| |
| 008 | 150407|1971||||xxc|||||o f|0| 0 eng|d |
| 040 | |aCaOODSP|beng |
| 043 | |an-cn--- |
| 086 | 1 |aZ1-1966/4E-PDF |
| 110 | 1 |aCanada. |bPrivy Council Office. |
| 245 | 10|aReport of the Royal Commission on Farm Machinery / |h[electronic resource]|cClarence L. Barber, commissioner. |
| 260 | |aOttawa - Ontario : |bPrivy Council Office |c1971. |
| 300 | |a163, 161, 173, 124p.|bfig., graphs, maps, tables, index |
| 500 | |aHistorical publication digitized in 2012 by Privy Council Office of Canada. |
| 590 | |a15-04-Supp|b2015-03-19 |
| 690 | 07|aAgricultural technology|2gcpds |
| 690 | 07|aCommissions of inquiry|2gcpds |
| 775 | 08|tRapport de la Commission royale d'enquête relative aux machines agricoles |w(CaOODSP)9.643799 |
| 856 | 40|ahttp://publications.gc.ca|qPDF|s8.45 MB|uhttps://publications.gc.ca/collections/collection_2014/bcp-pco/Z1-1966-4-3-eng.pdf |
| 856 | 40|ahttp://publications.gc.ca|qPDF|s5.48 MB|uhttps://publications.gc.ca/collections/collection_2014/bcp-pco/Z1-1966-4-4-eng.pdf |
| 856 | 40|ahttp://publications.gc.ca|qPDF|s7.71 MB|uhttps://publications.gc.ca/collections/collection_2014/bcp-pco/Z1-1966-4-1-eng.pdf |
| 856 | 40|ahttp://publications.gc.ca|qPDF|s9.29 MB|uhttps://publications.gc.ca/collections/collection_2014/bcp-pco/Z1-1966-4-2-eng.pdf |